| 000 | 00390nam a2200145Ia 4500 | ||
|---|---|---|---|
| 008 | 230711s9999||||xx |||||||||||||| ||und|| | ||
| 041 | _aENG | ||
| 082 |
_a629.8 _bNA-A |
||
| 100 | _aNakra,BC | ||
| 245 | 0 | _aTheory and applications of automatic control | |
| 250 | _a2nd . Ed. | ||
| 260 |
_c2006 _aNew Delhi _bNew Age International Publishers |
||
| 650 | _aElectrical Engineering | ||
| 942 | _cBK | ||
| 999 |
_c4443 _d4443 |
||